Partial regulatory impact assessment for Municipal Waste Recycling Bill (Record no. 72870)
[ view plain ]
| 000 -LEADER | |
|---|---|
| fixed length control field | 00955cam a2200181 4500 |
| 001 - CONTROL NUMBER | |
| control field | WB3922-17 |
| 008 - FIXED-LENGTH DATA ELEMENTS--GENERAL INFORMATION | |
| fixed length control field | 030617n2003 000 0 eng u |
| 035 ## - SYSTEM CONTROL NUMBER | |
| System control number | (Sirsi) u122630 |
| 245 ## - TITLE STATEMENT | |
| Title | Partial regulatory impact assessment for Municipal Waste Recycling Bill |
| 260 ## - PUBLICATION, DISTRIBUTION, ETC. | |
| Date of publication, distribution, etc. | 2003 |
| 490 ## - SERIES STATEMENT | |
| Series statement | RICS Minerals and Waste Management Faculty News |
| Volume/sequential designation | 9 June 2003(1) |
| 520 ## - SUMMARY, ETC. | |
| Summary, etc. | A partial regulatory impact assessment for the Municipal Waste Recycling Bill has been published by DEFRA. This Bill aims to increase the sustainability of waste management in the UK by ensuring that 50% of all municipal waste is recycled or composted by 2010. The Bill also requires waste disposal authorities to publish strategies to achieve sustainable waste management in their areas. www.rics.org/mwm/ |
| 590 ## - LOCAL NOTE (RLIN) | |
| Local note | TEST |
| 650 ## - SUBJECT ADDED ENTRY--TOPICAL TERM | |
| Topical term or geographic name entry element | MUNICIPAL WASTE RECYCLING BILL |
| 650 ## - SUBJECT ADDED ENTRY--TOPICAL TERM | |
| Topical term or geographic name entry element | RECYCLING |
| 690 ## - LOCAL SUBJECT ADDED ENTRY--TOPICAL TERM (OCLC, RLIN) | |
| Topical term or geographic name as entry element | ENVIRONMENTAL AND LAND CONSULTANCY-WASTE MANAGEMENT |
| 942 ## - ADDED ENTRY ELEMENTS (KOHA) | |
| Suppress in OPAC | 0 |
| Withdrawn status | Lost status | Source of classification or shelving scheme | Damaged status | Not for loan | Home library | Current library | Shelving location | Date acquired | Total Checkouts | Full call number | Barcode | Date last seen | Copy number | Price effective from | Koha item type |
|---|---|---|---|---|---|---|---|---|---|---|---|---|---|---|---|
| Dewey Decimal Classification | London | London | News article | 17/06/2003 | WB3922-17 | 122630-1001 | 06/08/2019 | 1 | 06/08/2019 | News article |